000 00231nam a2200097Ia 4500
008 190216s9999||||xx |||||||||||||| ||und||
100 _aUmer Moulavi K
245 0 _aThabaraka Yoos Paribhasha
260 _bC.H. Muhammad & Sons
942 _cBK
999 _c76
_d76